| 000 | 00527nam a22001817a 4500 | ||
|---|---|---|---|
| 005 | 20240108163349.0 | ||
| 008 | 210218b ||||| |||| 00| 0 eng d | ||
| 020 | _a978-81-312-5695-4 | ||
| 041 | _aeng | ||
| 082 | _a610.7 | ||
| 100 |
_aSATOSKAR, R.S. RAGE , NIRMALA N , TRIPATHI RAAKHI K AND KAMAT SANDHYA K _98332 |
||
| 245 | _aPHARMACOLOGY AND PHARMACOTHERAPEUTICS | ||
| 250 | _a26TH, ED. 2021 | ||
| 260 |
_aHARYANA _bPOPULLAR PRAKASHAN, [ELSEVIER] |
||
| 300 | _a1123, P | ||
| 650 |
_aPHARMACY _xD.PHARMA |
||
| 942 | _cBK | ||
| 999 |
_c7445 _d7443 |
||